000 00689nam a2200253 a 4500
999 _c9331
_d9331
001 9331
003 BD-JhCC
005 20180529114655.0
008 180313s1965 nyu 000 0 eng d
035 _a(BD-JhCC)9331
040 _aBD-JhCC
_cCarP
_dBD-JhCC
041 _aeng
050 0 0 _aPE1417
_b.J65
082 _a808.4
_bART 1965
245 1 4 _aThe art of prose /
_cedited by Palul A. Jorgensen & Frederick B. Shoryer
260 _aNew York,
_bSchribner
_c[1965]
300 _a501 p. :
_c21 cm.
650 0 _aEnglish language
_xRhetoric.
650 0 _aCollege readers.
700 1 _a Jorgensen, Palul A.
700 1 _a Shoryer, Frederick B.
942 _2ddc
_cBK